Heavy flavour physics : (Record no. 12117)

MARC details
000 -LEADER
fixed length control field 01532cam a2200361 i 4500
001 - CONTROL NUMBER
control field 15096754
003 - CONTROL NUMBER IDENTIFIER
control field EG-ScBUE
005 - DATE AND TIME OF LATEST TRANSACTION
control field 20260426091305.0
008 - FIXED-LENGTH DATA ELEMENTS--GENERAL INFORMATION
fixed length control field 071129t1998 ne a f b 101 0 eng d
020 ## - INTERNATIONAL STANDARD BOOK NUMBER
International Standard Book Number 0750308672
020 ## - INTERNATIONAL STANDARD BOOK NUMBER
International Standard Book Number 9780750308670
035 ## - SYSTEM CONTROL NUMBER
System control number (OCoLC)ocm50729796
040 ## - CATALOGING SOURCE
Original cataloging agency TEF
Language of cataloging eng
Description conventions rda
Transcribing agency TEF
Modifying agency UKM
-- BAKER
-- YDXCP
-- DLC
-- EG-ScBUE
082 04 - DEWEY DECIMAL CLASSIFICATION NUMBER
Classification number 539.72167
Edition number 22
Item number HEA
111 2# - MAIN ENTRY--MEETING NAME
Meeting name or jurisdiction name as entry element Scottish Universities Summer School in Physics
Number of part/section/meeting (55th :
Date of meeting 2001 :
Location of meeting St. Andrews, Scotland)
9 (RLIN) 7231
245 10 - TITLE STATEMENT
Title Heavy flavour physics :
Remainder of title theory and experimental results in heavy quark physics and CP violation : proceedings of the Fifty-Fifth Scottish Universities Summer School in Physics, St. Andrews, 7 August - 23 August 1998/
Statement of responsibility, etc edited by C. Davies, S.M. Playfer.
264 #1 - PUBLICATION, DISTRIBUTION, ETC. (IMPRINT)
Place of publication, distribution, etc Amsterdam :
Name of publisher, distributor, etc IOS Press,
Date of publication, distribution, etc [1998]
264 #4 - PUBLICATION, DISTRIBUTION, ETC. (IMPRINT)
Date of publication, distribution, etc c1998
300 ## - PHYSICAL DESCRIPTION
Extent xi, 393 pages :
Other physical details illustrations ;
Dimensions 24 cm.
336 ## - CONTENT TYPE
Source rdacontent
Content type term text
Content type code txt
337 ## - MEDIA TYPE
Media type term unmediated
Source rdamedia
Media type code n
338 ## - CARRIER TYPE
Carrier type term volume
Carrier type code nc
Source rdacarrier
490 0# - SERIES STATEMENT
Series statement Institute of Physics Scottish graduate textbook series
500 ## - GENERAL NOTE
General note "A NATO Advanced Study Institute."
504 ## - BIBLIOGRAPHY, ETC. NOTE
Bibliography, etc Includes bibliographical references and index.
650 #7 - SUBJECT ADDED ENTRY--TOPICAL TERM
Topical term or geographic name as entry element Quantum flavor dynamics
Form subdivision Congresses.
Source of heading or term BUEsh
9 (RLIN) 7232
650 #7 - SUBJECT ADDED ENTRY--TOPICAL TERM
Topical term or geographic name as entry element Quarks
Form subdivision Congresses.
Source of heading or term BUEsh
9 (RLIN) 7233
650 #7 - SUBJECT ADDED ENTRY--TOPICAL TERM
Topical term or geographic name as entry element CP violation (Nuclear physics)
Form subdivision Congresses.
Source of heading or term BUEsh
9 (RLIN) 7234
655 ## - INDEX TERM--GENRE/FORM
Form subdivision Reading book
700 1# - ADDED ENTRY--PERSONAL NAME
Personal name Davies, C. T. H.,
Relator term editor.
9 (RLIN) 7235
700 1# - ADDED ENTRY--PERSONAL NAME
Personal name Playfer, S. M.
Fuller form of name (Steve M.)
Relator term editor.
9 (RLIN) 7236
942 ## - ADDED ENTRY ELEMENTS (KOHA)
Source of classification or shelving scheme Dewey Decimal Classification
Koha item type Book - Borrowing
Holdings
Withdrawn status Lost status Source of classification or shelving scheme Damaged status Not for loan Collection code Home library Current library Shelving location Date acquired Source of acquisition Cost, normal purchase price Serial Enumeration / chronology Total Checkouts Full call number Barcode Date last seen Koha item type
    Dewey Decimal Classification     Alahram Central Library Central Library First floor 30/06/2009 Purchase 710.60 72   539.72167 HEA 000016704 15/07/2025 Book - Borrowing